000
00267nam a2200109Ia 4500
008
201231s9999 xx 000 0 und d
100
_a
Greenhill, Allington
245
0
_a
(The) First Atlantic Liners
260
_a
London
_b
Conway Maritime
300
_a
167
942
_c
BK
999
_c
9619
_d
9619